Looking for Blackbeard's treasure : (Record no. 668)
[ view plain ]
| 000 -LEADER | |
|---|---|
| fixed length control field | 01440nam a22002897a 4500 |
| 005 - DATE AND TIME OF LATEST TRANSACTION | |
| control field | 20230630085823.0 |
| 020 ## - INTERNATIONAL STANDARD BOOK NUMBER | |
| International Standard Book Number | 9781599535616 (library edition : alk. paper) |
| 020 ## - INTERNATIONAL STANDARD BOOK NUMBER | |
| Canceled/invalid ISBN | 9781603575300 (ebook) |
| 040 ## - CATALOGING SOURCE | |
| Original cataloging agency | DLC |
| Language of cataloging | eng |
| Transcribing agency | DLC |
| Description conventions | rda |
| Modifying agency | DLC |
| 050 00 - LIBRARY OF CONGRESS CALL NUMBER | |
| Classification number | TA601 |
| Item number | .P47 2013 |
| 082 00 - DEWEY DECIMAL CLASSIFICATION NUMBER | |
| Classification number | 530.8 |
| Edition number | 23 |
| 100 1# - MAIN ENTRY--PERSONAL NAME | |
| Personal name | Perritano, John. |
| 245 10 - TITLE STATEMENT | |
| Title | Looking for Blackbeard's treasure : |
| Remainder of title | measuring the distance / |
| Statement of responsibility, etc. | by John Perritano ; content consultant David Hughes, mathematics curriculum specialist. |
| 260 ## - PUBLICATION, DISTRIBUTION, ETC. | |
| Place of publication, distribution, etc. | Chicago : |
| Name of publisher, distributor, etc. | Norwood House Press : |
| Date of publication, distribution, etc. | 2003. |
| 300 ## - PHYSICAL DESCRIPTION | |
| Extent | 32 pages ; |
| Dimensions | 22 cm. |
| Other physical details | color illustrations. |
| 490 0# - SERIES STATEMENT | |
| Series statement | iMath Readers Measuring Distance |
| 505 0# - FORMATTED CONTENTS NOTE | |
| Formatted contents note | K <br/> |
| 520 ## - SUMMARY, ETC. | |
| Summary, etc. | "The mathematical concepts of distance and measuring distance are introduced as readers learn about a pirate, using math to find the distance between ships and treasures. Readers learn about the difference between metric and customary units of length, how to convert units, and how to compare distances. Includes a discover activity, art connection, and mathematical vocabulary introduction"-- |
| Assigning source | Provided by publisher. |
| 521 1# - TARGET AUDIENCE NOTE | |
| Target audience note | 610 <br/> |
| Source | Lexile <br/> |
| 521 2# - TARGET AUDIENCE NOTE | |
| Target audience note | K <br/> |
| Source | Raz-Plus <br/> |
| 650 #0 - SUBJECT ADDED ENTRY--TOPICAL TERM | |
| Topical term or geographic name entry element | Distances |
| General subdivision | Measurement |
| Form subdivision | Juvenile literature. |
| 650 #0 - SUBJECT ADDED ENTRY--TOPICAL TERM | |
| Topical term or geographic name entry element | Distances |
| General subdivision | Measurement |
| Form subdivision | Juvenile literature. |
| 906 ## - LOCAL DATA ELEMENT F, LDF (RLIN) | |
| a | 7 |
| b | cbc |
| c | orignew |
| d | 1 |
| e | ecip |
| f | 20 |
| g | y-gencatlg |
| 942 ## - ADDED ENTRY ELEMENTS (KOHA) | |
| Source of classification or shelving scheme | Dewey Decimal Classification |
| Koha item type | Books |
| Suppress in OPAC | No |
| 999 ## - | |
| -- | 668 |
| -- | 668 |
| Withdrawn status | Lost status | Source of classification or shelving scheme | Damaged status | Not for loan | Collection | Home library | Current library | Shelving location | Date acquired | Total Checkouts | Full call number | Barcode | Date last seen | Date last checked out | Price effective from | Koha item type |
|---|---|---|---|---|---|---|---|---|---|---|---|---|---|---|---|---|
| Dewey Decimal Classification | Non-Fiction | Footprints International School Library Network Toul Kork Campus | Footprints International School Library Network Toul Kork Campus | TK Primary Library Room(4th Floor), Bookcase 3&4, Shelves 17-32, Yellow Books | 06/29/2023 | 1 | PER 530.8 .P47 2013 | FISTK02300 | 06/04/2024 | 10/23/2023 | 06/29/2023 | Books |
